| 000 | 00972cab a22002055a 4500 | ||
|---|---|---|---|
| 001 | L143169 | ||
| 008 | 080414e20080404xxk f 000 0 eng d | ||
| 035 | _a(Sirsi) u143169 | ||
| 041 | 0 | _aeng | |
| 100 | 1 | _aPatterson, Lindy | |
| 245 | 0 | 0 | _aIntroducing McPFI |
| 260 | _c2008 | ||
| 490 | 0 |
_aBuilding _v273(8523) 4 April 2008, 80(1) |
|
| 520 | _aDiscusses a new form of PPP model which is based on Non-Profit Distributing (NPD) principles. The NPD model was used for the first time in the UK for a schools project in Scotland, and the Scottish government has suggested the model will be used for future PPP projects in Scotland in the short term. Considers how the NPD model differs from a typical PFI project, how will the model be viewed by contractors and service providers in the PFI market, and whether it will change the key players in the market. | ||
| 590 | _aKA | ||
| 650 | 2 | 4 | _aPFI |
| 651 | 4 |
_aUnited Kingdom _y |
|
| 690 |
_aProcurement _96260 |
||
| 942 | _n0 | ||
| 999 |
_c80077 _d80077 |
||